000 00289nam a2200121Ia 4500
008 190216s9999||||xx |||||||||||||| ||und||
100 _aVailoppilli Sreedhara Menon
245 0 _aKudiyozhikkal
260 _bNational Book Stall
_c1968
300 _a41p
650 _aKavithkal
942 _cBK
999 _c24930
_d24930